Cambridge preparation for the TOEFL test

Guardat en:
Dades bibliogràfiques
Autors principals: Gear, Jolene (Autor), Gear, Robert (Autor)
Format: Llibre
Idioma:anglès
Publicat: Cambridge Cambridge University Press 2006
Edició:4a. ed
Col·lecció:Internet- Based Test
Matèries:
Etiquetes: Afegir etiqueta
Sense etiquetes, Sigues el primer a etiquetar aquest registre!

MARC

LEADER 00000cam a2200000 a 4500
001 UCF4535
003 CL-VaPUC
008 121213e20060000US |||||||||||||||||eng|d
020 |a 9780521755849 
082 0 4 |a 428.0076  |b GEA  |2 21 
100 |a Gear, Jolene  |e author  |9 615269 
700 0 |a Gear, Robert  |e author  |9 566065 
245 1 0 |a Cambridge preparation for the TOEFL test 
250 |a 4a. ed 
300 |a 661 p 
942 |c BK 
945 |d 20121213 00:00:00  |a dcastane 
260 |a Cambridge  |b Cambridge University Press  |c 2006 
500 |a incluye CD con audio de 7 lecciones 
650 0 |a Enseñanza del inglés  |9 367340 
650 0 |a Educación lingüística  |9 306506 
650 0 |a Métodos de enseñanza  |9 270413 
583 |a last modification  |c 20121213 11:07:00  |k Rodrigo Vera 
490 0 |a Internet- Based Test 
999 |c 350296  |d 350294 
952 |0 0  |1 0  |4 0  |6 428_007600000000000_GEA_2006  |7 0  |8 A  |9 453565  |a BIBEDU  |b BIBEDU  |d 2019-11-22  |i 4932943  |l 2  |o 428.0076 GEA 2006  |p 4932943  |r 2023-09-25  |s 2023-09-25  |w 2019-11-22  |y BK  |k LIT